| 000 | 00565nam a2200217Ia 4500 | ||
|---|---|---|---|
| 003 | OSt | ||
| 005 | 20220928145509.0 | ||
| 006 | a|||||r|||| 00| 0 | ||
| 007 | ta | ||
| 008 | 220927b |||||||| |||| 00| 0 eng d | ||
| 024 | _a80991 | ||
| 037 | _cTextual | ||
| 040 |
_aSDCL _cSDCL _beng |
||
| 041 |
_2eng _aeng |
||
| 082 | _aQ445, M3 | ||
| 100 |
_aCleary Thomas _9513223 |
||
| 245 | 0 |
_aEntry into the inconceivable _b An introuction to Hua-Yan Buddhism |
|
| 260 | _c1983 | ||
| 942 |
_hQ445, M3 _cTEXL _2CC |
||
| 999 |
_c833870 _d833870 |
||